Central Library OPAC University of Rajshahi

Major commodities of Pakistan : (Record no. 30530)

MARC details
000 -LEADER
fixed length control field 00823nam a2200241 a 4500
001 - CONTROL NUMBER
control field 30530
003 - CONTROL NUMBER IDENTIFIER
rucl marc code BD-RjUL
005 - DATE AND TIME OF LATEST TRANSACTION
control field 20211209051558.0
008 - FIXED-LENGTH DATA ELEMENTS--GENERAL INFORMATION
fixed length control field 181209s1960 pk 000 0 eng
035 ## - SYSTEM CONTROL NUMBER
System control number (BD-RjUL)30616
040 ## - CATALOGING SOURCE
Original cataloging agency DLC
Transcribing agency DLC
Modifying agency DLC
-- BD-RjUL
Language of cataloging eng
041 ## - LANGUAGE CODE
Language code of text/sound track or separate title eng
043 ## - GEOGRAPHIC AREA CODE
Geographic area code a-pk---
082 00 - DEWEY DECIMAL CLASSIFICATION NUMBER
Classification number 633.09549021
Edition number 23
Author mark and year PAM 1960
110 1# - MAIN ENTRY--CORPORATE NAME
Corporate name or jurisdiction name as entry element Pakistan.
Subordinate unit Ministry of Finance. (Economic Affairs Division)
9 (RLIN) 225755
245 10 - TITLE STATEMENT
Title Major commodities of Pakistan :
Remainder of title a review /
Statement of responsibility, etc. Pakistan. Ministry of Finance. (Economic Affairs Division)
260 ## - PUBLICATION, DISTRIBUTION, ETC. (IMPRINT)
Place of publication, distribution, etc. Karachi:
Name of publisher, distributor, etc. Manager of Publications,
Date of publication, distribution, etc. 1960.
300 ## - PHYSICAL DESCRIPTION
Pagination 316 p. ;
Size 25 cm.
650 #0 - SUBJECT ADDED ENTRY--TOPICAL TERM
Topical term or geographic name as entry element Produce trade
Geographic subdivision Pakistan.
9 (RLIN) 225756
Topical term or geographic name as entry element Agricultural Products
Geographic subdivision Pakistan
General subdivision Statistics
9 (RLIN) 225758
Topical term or geographic name as entry element Raw materials
Geographic subdivision Pakistan.
9 (RLIN) 225757
942 ## - ADDED ENTRY ELEMENTS (KOHA)
Source of classification or shelving scheme Dewey Decimal Classification
Koha item type Rare Books
Holdings
Lost status Source of classification or shelving scheme Damaged status Not for loan Collection code Permanent Location Current Location Shelving location Date acquired Total Checkouts Full call number Date last seen Copy number Koha item type
  Dewey Decimal Classification   Not For Loan Rare Books Central Library, University of Rajshahi Central Library, University of Rajshahi Rare Book Section 09/12/2018   RA 633.09549021 PAM 1960 09/12/2018 C-1 Rare Books